| Tag |
First Indicator |
Second Indicator |
Subfields |
| LEADER |
00000cam a2200000 4500 |
| 001 |
in00003878021 |
| 005 |
20190415192807.0 |
| 006 |
m o d |
| 007 |
cr |n||||||||n |
| 008 |
830714s1796 xxu|||| o 00| | eng c |
| 035 |
|
|
|a (CU-RivES)W26479
|
| 035 |
|
|
|a (Uk-ES)006452607
|
| 035 |
|
|
|a (OCoLC)511142093
|
| 040 |
|
|
|a MWA
|c MWA
|d CU-RivES
|d CStRLIN
|d Cengage Gale
|d UtOrBLW
|
| 050 |
|
4 |
|a Z1215
|b .B376 1796
|
| 100 |
1 |
|
|a Barnard, Jeremiah,
|d 1750-1835.
|0 http://id.loc.gov/authorities/names/n84136127
|
| 245 |
1 |
2 |
|a A sermon, delivered 7th March, 1796 :
|b at the ordination of the Rev. John Tappan, to the pastoral care of the Congregational Church in Claremont, New Hampshire. By Jeremiah Barnard, A.M. Pastor of the First Church in Amherst, New Hampshire.
|
| 264 |
|
1 |
|a Amherst, New Hampshire :
|b From the press of Samuel Cushing,
|c [1796]
|
| 300 |
|
|
|a 1 online resource (20 pages)
|
| 336 |
|
|
|a text
|b txt
|2 rdacontent
|
| 337 |
|
|
|a computer
|b c
|2 rdamedia
|
| 338 |
|
|
|a online resource
|b cr
|2 rdacarrier
|
| 500 |
|
|
|a Half-title: Mr. Barnard's sermon, at the ordination of the Revised John Tappan.
|
| 509 |
|
|
|a Signatures: [A]⁴ B⁴ C²
|
| 510 |
4 |
|
|a Evans,
|c 30028
|
| 510 |
4 |
|
|a English Short Title Catalog,
|c W26479.
|
| 500 |
|
|
|a Reproduction of original from Library of Congress.
|
| 500 |
|
|
|a Electronic resource.
|
| 600 |
1 |
0 |
|a Tappan, John,
|d 1769-1837.
|0 http://id.loc.gov/authorities/names/no2008012848
|
| 655 |
|
7 |
|a Electronic books.
|2 local
|
| 655 |
|
7 |
|a Ordination sermons
|y 1796.
|2 rbgenr
|
| 700 |
1 |
|
|a Cushing, Samuel,
|d 1774-1798,
|e printer.
|0 http://id.loc.gov/authorities/names/n86144087
|
| 710 |
2 |
|
|a Gale (Firm)
|0 http://id.loc.gov/authorities/names/no2008071348
|
| 710 |
2 |
|
|a Congregational Church (Claremont, N.H.),
|e author.
|0 http://id.loc.gov/authorities/names/no2008011224
|
| 710 |
2 |
|
|a Congregational Church (Claremont, N.H.)
|0 http://id.loc.gov/authorities/names/no2008011224
|
| 752 |
|
|
|a United States
|b New Hampshire
|d Amherst.
|
| 856 |
4 |
0 |
|u http://proxy.library.tamu.edu/login?url=http://find.galegroup.com/ecco/infomark.do?contentSet=ECCOArticles&docType=ECCOArticles&bookId=1435701000&type=getFullCitation&tabID=T001&prodId=ECCO&docLevel=TEXT_GRAPHICS&version=1.0&source=library&userGroupName=txshracd2898
|z Connect to the full text of this electronic book
|t 0
|
| 999 |
f |
f |
|s 8430f4c3-9905-3802-9395-9bfa0d29cda5
|i 4f3d286a-01a5-34c6-b9ba-5f07c7dc83d0
|t 0
|
| 952 |
f |
f |
|a Texas A&M University
|b College Station
|c Electronic Resources
|d Available Online
|t 0
|e Z1215 .B376 1796
|h Library of Congress classification
|
| 998 |
f |
f |
|a Z1215 .B376 1796
|t 0
|l Available Online
|